Online Catalogue and eLibrary

Vanathi Srappuch Sirukathaikal (Record no. 4182)

MARC details
000 -LEADER
fixed length control field 00433nam a2200145Ia 4500
005 - DATE AND TIME OF LATEST TRANSACTION
control field 20250307014327.0
008 - FIXED-LENGTH DATA ELEMENTS--GENERAL INFORMATION
fixed length control field 240331s9999 xx 000 0 und d
082 ## - DDC Classification
Item Number - Author Mark VAN
DDC Edition Number 3465
Class No. 894.811
245 #0 - TITLE STATEMENT
Title Vanathi Srappuch Sirukathaikal
260 ## - PUBLICATION, DISTRIBUTION, ETC.
Place of publication, distribution, etc. Chennai,
Name of publisher, distributor, etc. Vaanathi Pathippagam,
Date of publication, distribution, etc. 1992
300 ## - PHYSICAL DESCRIPTION
Extent (e.g. Volumes, Pages etc.) xii, 335 p., (Volume 4)
500 ## - GENERAL NOTE
General note A collection of short stories by a group of young writers.
700 ## - ADDED ENTRY--PERSONAL NAME
Personal name Makaram
Relator term (Role) Editor
942 ## - Koha item type (Biblio)
Koha item type Books in Stacks (Lending)
Holdings
Lost status Damaged status Collection code Home library Current library Shelving location Date acquired Full call number Accession Number Item type
    Lending WERC Library WERC Library Social Science Cupboard 03/31/2024 894.811 VAN 3465 Books in Stacks (Lending)

© WERC Library